Normal view
MARC view
- Bashir, Hina
Entry Personal Name
001 - CONTROL NUMBER
- control field: 16882
003 - CONTROL NUMBER IDENTIFIER
- control field: NUST
005 - DATE AND TIME OF LATEST TRANSACTION
- control field: 20190705111050.0
008 - FIXED-LENGTH DATA ELEMENTS
- fixed length control field: 190705|| aca||aabn | a|a d
040 ## - CATALOGING SOURCE
- Original cataloging agency: NUST
- Transcribing agency: NUST
100 ## - HEADING--PERSONAL NAME
- Personal name: Bashir, Hina
670 ## - SOURCE DATA FOUND
- Source citation: Work cat.: (NUST): Bashir, Hina, Lower and Upper Solution Method for Singular System /, 2013.
